MARC

LEADER 00000nam0a2200000 4500
001 285856
005 20231101235833.0
020 |a RU  |b 85-51726 
035 |a (RuTPU)RU\TPU\book\310137 
090 |a 285856 
100 |a 20150228d1985 k y0rusy5003 ca 
101 0 |a rus 
102 |a RU 
105 |a a z 101zy 
200 1 |a Новое в исследованиях фазовых и структурных превращений в сталях  |e материалы семинара  |f Всесоюзное общество "Знание" ; Московский Дом научно-технической пропаганды 
210 |a Москва  |c Изд-во МДНТП  |d 1985 
215 |a 165 с.  |c ил. 
320 |a Библиогр. в конце докл. 
606 1 |a Сталь  |x Металловедение  |2 stltpush  |3 (RuTPU)RU\TPU\subj\56365  |9 74275 
610 1 |a металлы 
610 1 |a фазовые превращения 
610 1 |a структурные превращения 
610 1 |a устойчивость 
610 1 |a мартенситные превращения 
610 1 |a пластическая деформация 
610 1 |a старение 
610 1 |a легирование 
610 1 |a износостойкость 
610 1 |a материалы семинара 
675 |a 669.1.017(063)  |v 3 
712 0 2 |a Всесоюзное общество "Знание"  |c (1963-1991)  |c (Москва)  |2 stltpush  |3 (RuTPU)RU\TPU\col\9744  |9 24745 
712 0 2 |a Московский Дом научно-технической пропаганды  |2 stltpush  |3 (RuTPU)RU\TPU\col\7885  |9 24405 
801 0 |a RU  |b RuMRKP  |c 19950704  |g psbo 
801 1 |a RU  |b 63413507  |c 20150228 
801 2 |a RU  |b 63413507  |c 20171219  |g RCR 
942 |c BK